000 00977cam a22002651 4500
001 gs 62000193
003 DLC
005 20260227111411.0
008 770317s1962 dcuab b f00000 eng c
010 _ags 62000193 //r883
040 _aU.S. Geol. Survey. Libr.
_cak
_dDLC
043 _an-us-ak
050 0 _aTC801
_b.U2 no. 1529
051 _aTC424.A4
_bJ6
_cCopy 2.
100 1 0 _aJohnson, F. A.
_q(Frederick Ashby),
_d1903-
245 1 0 _aWaterpower resources near Petersburg and Juneau, southeastern Alaska;
_ba discussion of potential development of power on 12 Alaskan streams.
260 0 _aWashington,
_bU.S. Govt. Print. Off.,
_c1962.
300 _av, 102 p.
_billus., maps, diagr., tables.
_c24 cm.
490 1 _aUnited States. Geological Survey. Water-supply paper
_v1529
504 _aBibliography: p. 99.
650 0 _aWater-power
_zAlaska.
650 0 _aStream measurements
_zAlaska.
830 0 _aGeological Survey water-supply paper ;
_v1529.
999 _c29622
_d29622